Main Hero/Villain From Every Dreamworks Movie - Statistics

General Stats
  • This quiz has been taken 24 times
  • The average score is 30 of 98
Answer Stats
Hint Answer % Correct
Puss in Boots (Hero): Puss in Boots
88%
Puss in Boots: The Last Wish (Hero): Puss in Boots
88%
Shrek (Hero): Shrek
88%
Shrek 2 (Hero): Shrek
88%
Shrek Forever After (Hero): Shrek
88%
Megamind (Hero): Megamind
82%
Megamind vs. the Doom Syndicate (Hero): Megamind
82%
Kung Fu Panda (Hero): Po
82%
Kung Fu Panda 2 (Hero): Po
82%
Kung Fu Panda 3 (Hero): Po
82%
Kung Fu Panda 4 (Hero): Po
82%
Madagascar (Hero): Alex
71%
Madagascar: Escape 2 Africa (Hero): Alex
71%
How to Train Your Dragon (Hero): Hiccup
71%
How to Train Your Dragon 2 (Hero): Hiccup
71%
How to Train Your Dragon: The Hidden World (Hero): Hiccup
71%
Shrek 2 (Villain): Fairy Godmother
65%
Shrek (Villain): Lord Farquaad
65%
Wallace & Gromit: The Curse of the Were-Rabbit (Hero): Gromit
59%
Mr. Peabody & Sherman (Hero): Mr. Peabody
59%
Turbo (Hero): Turbo
59%
Joseph: King of Dreams (Hero): Joseph
53%
The Prince of Egypt (Hero): Moses
53%
Shrek the Third (Villain): Prince Charming
53%
Puss in Boots: The Last Wish (Villain): Death
47%
Rise of the Guardians (Hero): Jack Frost
47%
Sinbad: Legend of the Seven Seas (Hero): Sinbad
47%
How to Train Your Dragon 2 (Villain): Drago Bludvist
41%
Puss in Boots (Villain): Humpty Dumpty
41%
Bee Movie (Villain): Ken
41%
Kung Fu Panda 2 (Villain): Lord Shen
41%
Spirit: Stallion of the Cimarron (Hero): Spirit
41%
Kung Fu Panda (Villain): Tai Lung
41%
Bee Movie (Hero): Barry B. Benson
35%
Captain Underpants (Hero): Captain Underpants
35%
Dogman (Hero): Dogman
35%
Penguins of Madagascar (Hero): Skipper
35%
Madagascar (Villain): The Foosa
35%
Megamind (Villain): Tighten
35%
Shark Tale (Hero): Oscar
29%
Shrek Forever After (Villain): Rumpelstiltskin
29%
Penguins of Madagascar (Villain): Dave
24%
Kung Fu Panda 3 (Villain): General Kai
24%
Chicken Run (Hero): Ginger
24%
The Croods (Hero): Grug Crood
24%
The Croods: A New Age (Hero): Grug Crood
24%
The Bad Guys (Hero): Mr. Wolf
24%
The Bad Guys 2 (Hero): Mr. Wolf
24%
How to Train Your Dragon (Villain): Red Death
24%
Shrek the Third (Hero): Arthur Pendragon
18%
How to Train Your Dragon: The Hidden World (Villain): Grimmel
18%
Turbo (Villain): Guy Gagne
18%
Chicken Run (Villain): Mrs. Tweedy
18%
Rise of the Guardians (Villain): Pitch Black
18%
The Bad Guys (Villain): Professor Marmalade
18%
Trolls (Hero): Queen Poppy
18%
Trolls World Tour (Hero): Queen Poppy/Branch
18%
The Prince of Egypt (Villain): Rameses II
18%
Over the Hedge (Hero): RJ
18%
Trolls Band Together (Hero): Branch
12%
Madagascar 3: Europe’s Most Wanted (Villain): Captain Chantel DuBois
12%
Antz (Villain): General Mandible
12%
Monsters vs. Aliens (Hero): Ginormica
12%
The Bad Guys 2 (Villain): Kitty Kat
12%
Wallace & Gromit: The Curse of the Were-Rabbit (Villain): Lord Victor Quartermaine
12%
Madagascar: Escape 2 Africa (Villain): Makunga
12%
The Road to El Dorado (Hero): Miguel/Tulio
12%
Captain Underpants (Villain): Professor Poopypants
12%
Kung Fu Panda 4 (Villain): The Chameleon
12%
The Boss Baby (Hero): Theodore Lindsey Templeton Jr.
12%
The Boss Baby: Family Business (Hero): Tim Templeton/Ted Jr.
12%
Over the Hedge (Villain): Vincent
12%
Shark Tale (Villain): Don Lino
6%
The Boss Baby (Villain): Francis E. Francis
6%
Mr. Peabody & Sherman (Villain): Ms. Edwina Grunion
6%
Home (Hero): Oh
6%
Dogman (Villain): Petey the Cat
6%
The Wild Robot (Hero): ROZZUM unit 7134
6%
Teenage Kraken (Hero): Ruby Gillman
6%
Spirit: Stallion of the Cimarron (Villain): The Colonel
6%
Flushed Away (Villain): The Toad
6%
The Road to El Dorado (Villain): Tzekel-Kan
6%
Trolls Band Together (Villain): Velvet/Veneer
6%
Madagascar 3: Europe’s Most Wanted (Hero): Vitaly
6%
Antz (Hero): Z-4195
6%
Joseph: King of Dreams (Villain): Zuleika
6%
Home (Villain): Captain Smek
0%
Trolls (Villain): Chef Bergen
0%
The Croods (Villain): Chunky the Macawnivore
0%
The Boss Baby: Family Business (Villain): Dr. Erwin Armstrong
0%
Sinbad: Legend of the Seven Seas (Villain): Eris
0%
Monsters vs. Aliens (Villain): Gallaxhar
0%
Megamind vs. the Doom Syndicate (Villain): Machiavillain
0%
Trolls World Tour (Villain): Queen Barb
0%
Teenage Kraken (Villain): Queen Nerissa
0%
Flushed Away (Hero): Roddy St. James
0%
The Croods: A New Age (Villain): Spiny Mandrilla
0%
The Wild Robot (Villain): Vontra
0%
No matching quizzes found
Score Distribution
Percent of People with Each Score
Percentile by Number Answered
Your Score History
You have not taken this quiz